Statistics for Words Pertaining to Things #3

Click here to take the quiz!

General Stats

  • This quiz has been taken 50,390 times
  • The average score is 13 of 21

Answer Stats

WordPertains to …% Correct
CardiacHeart
98%
NocturnalNight
97%
NumericalNumbers
97%
EquineHorses
93%
LinguisticLanguage
92%
CelestialHeaven
88%
DermalSkin
86%
FraternalBrother
78%
HydraulicWater
74%
ConicalCones
71%
KineticMotion
71%
OlfactorySmell
67%
ChromaticColor
63%
AuralSound
63%
ArborealTrees
63%
MartialWar
54%
VernalSpring
30%
NumismaticCoins
24%
SartorialTailoring
19%
UxorialWife
11%
ChthonicUnderworld
8%

Score Distribution

Percentile by Number Answered

Percent of People with Each Score

Your Score History

You have not taken this quiz